000 00589nam a22002177a 4500
005 20150331050030.0
008 150331b xxu||||| |||| 00| 0 eng d
020 _a9780982898437
041 0 _aeng
080 _a004
100 _aBizzell Allen H.
245 _aCPAexcel :
260 _aUnited States of America
_bEfficient Learning Systems
_c2010
300 _a571 f.
_bme il.;
_c28 cm
650 _aKompjuterat
650 _aProgramet
700 1 _aCharles J. Davis
700 1 _aDonald R. Deis Jr.
700 1 _aPam Smith
942 _2udc
_cBK
999 _c644
_d644